Регионална библиотека "Любен Каравелов" - Русе

Прераждането на Питър Прауд (Запис номер 99470)

MARC детайли
000 -Лидер
Контролно поле с фиксирана дължина 01167nam a2200313 c 4500
003 - Код на организацията, давaща контролен номер
Контролно поле BLK
005 - Дата и час на последна редакция
Контролно поле 20180422105253.0
008 - Елементи от данни с фиксирана дължина
fixed length control field 180409b bul|||||r ||||||| ||bul||
010 ## - Наследен системен номер
LC control number KNG00104477000
020 ## - Международен стандартен номер на книга ISBN
Международен стандартен номер на книга ISBN 954-729-162-9
-- издат.: Атика
040 ## - Източник на каталожния запис
Идентификатор на билиотеката - собственик на записа BLK
041 ## - Код за език
Код за езика на текст/звукозапис или на отделно заглавие Български
Код за езика КДБФ Български
080 ## - УДК
Текстов определител УДК Американска литература (на САЩ)
УДК код - определител по УДК 821.111(73)
УДК определител -31
УДК - код + определител 821.111(73)-31
100 1# - Редна дума - Автор
Автор Ерлих, Макс
Авторска отговорност първи автор
R(LIN) 67506
139 ## - Редно поле
Редна дума Ерлих, Макс
Авторски знак Ерио - Е 78
245 10 - Сведения за заглавието
Заглавие Прераждането на Питър Прауд
Редно поле (дума) Макс Ерлих; прев. от англ. Мая Любомирова Калоферова.
257 ## - Страна на издаване
Страна на създаване/издаване Съединени американски щати
260 ## - Област на издателските данни
-- София
Име на издателя, разпространителя и проч. Атика
Година на издаване 2002
300 ## - Физическа характеристика
Страници 256 с.
Размери/Мащаб 20 см
380 ## - Жанр
Жанр Худож. лит.
490 1# - СЕРИИ (Колекции)
Име на серия Зоната на здрача
500 ## - Общи забележки
Забележка Ориг. загл. The reincarnation of Piter Prond / Max Ehrlich.
700 1# - Други автори (авторска отговорност)
Лично име Калоферова, Мая Любомирова
Автороска отговорност (Описва отношението между автора и произведението) прев. от англ.
9 (RLIN) 365796
852 ## - Местоположение
Форматна сигнатура Цб 213301
856 4# - Електронен адрес и достъп
Електронен формат pdf - файл
Път до файла /url/
856 4# - Електронен адрес и достъп
Електронен формат pdf - файл
Път до файла /url/
942 ## - АРТИКУЛИ
Вид на библиотечния материал Книги
Скрит в OPAC Не
944 ## - СЪЗДАВАНЕ И РЕДАКЦИЯ на ЗАПИСА
Създаване/Редакция Създаване
Дата на регистрацията/редакция 01.01.2002
Служител, извършил регистрацията/редакцията Цветанка_Енчева
944 ## - СЪЗДАВАНЕ И РЕДАКЦИЯ на ЗАПИСА
Създаване/Редакция Редакция
Дата на регистрацията/редакция 01.11.2004
Служител, извършил регистрацията/редакцията
999 ## - СИСТЕМНИ КОНТРОЛНИ НОМЕРА
Koha biblionumber 99470
Koha biblioitemnumber 99470
Наличности
Код за отписване Код за изгубен артикул Код за повреда Коз за рестрикции Код за отдаване Артикулен № Име на библиотеката - собственик Име на библиотеката, в която се намира в момента Статус (Текущо местоположение) Дата на вписване в системата Местоположение - отдел Цена в лева Инвентарен номер Систематично азбучна сигнатура Баркод Номер на екземпляра Цена в евро Служебна бележка Служебен тип на артикула
  Не е изгубен Не е повреден без рестрикции заемане за дома 160216 Регионална библиотека "Любен Каравелов" Русе Регионална библиотека "Любен Каравелов" Русе Заемна - подръчен фонд 2002-12-03 Заемна - подръчен фонд 7.00 120000673589 П 820(73)-31/Е 78 120000673589 1 3.58 Дост: Pk Вид: Ф N: 40 Дата: 02.12.2002 Дата инв: 16.02.2018 Бележки инв: П2018 Книги
  Не е изгубен Не е повреден без рестрикции ползва се в читалня 160217 Регионална библиотека "Любен Каравелов" Русе Регионална библиотека "Любен Каравелов" Русе Хранилище 2004-10-14 Хранилище 6.99 120000689262 Цб 213301 120000689262 2 3.57 Дост: Dp Вид: Д N: 49 Дата: 26.11.2003 Книги
Vip Innovations Ltd, Rousse, Bulgaria 2025